| 000 | 003360000a22001450004500 | ||
|---|---|---|---|
| 003 | MACL | ||
| 040 | _aMACL | ||
| 090 |
_c33017 _d33015 |
||
| 100 | _aNakhani, A K | ||
| 245 | _aBi Financial Management & Accounting System | ||
| 260 |
_bBP B Publications _c1997 |
||
| 350 | _a300 | ||
| 650 | _aGeneral management | ||
| 942 |
_cBOOK _k658/Nad |
||
| 999 |
_c32680 _d32680 |
||